000 00193 a2200097 4500
020 _a0813667089
041 _aspa
100 _aHolloway, Judith
245 _aLos pajaros son animales
942 _cBK
999 _c4538
_d4538